|
|
|
|
| LEADER |
00000nam0a2200000 4500 |
| 001 |
277640 |
| 005 |
20231101235032.0 |
| 020 |
|
|
|a RU
|b 86-11138
|
| 035 |
|
|
|a (RuTPU)RU\TPU\book\300916
|
| 090 |
|
|
|a 277640
|
| 100 |
|
|
|a 20141205d1986 k a0rusy5003 ca
|
| 101 |
0 |
|
|a rus
|
| 102 |
|
|
|a RU
|
| 105 |
|
|
|a a z 001zy
|
| 200 |
1 |
|
|a Анализ данных методами многомерного шкалирования
|f А. Ю. Терехина
|
| 210 |
|
|
|a Москва
|c Наука
|d 1986
|
| 215 |
|
|
|a 167 с.
|c ил.
|
| 225 |
1 |
|
|a Теория и методы систем. анализа
|v № 17
|
| 320 |
|
|
|a Библиогр.: с. 162-167 (141 назв.)
|
| 606 |
1 |
|
|a Статистический анализ
|2 stltpush
|3 (RuTPU)RU\TPU\subj\42258
|9 61945
|
| 610 |
1 |
|
|a многомерный анализ
|
| 610 |
1 |
|
|a психосемантика
|
| 610 |
1 |
|
|a информация
|
| 610 |
1 |
|
|a восприятие
|
| 610 |
1 |
|
|a психофизиологические исследования
|
| 675 |
|
|
|a 519.23
|z rus
|v 4
|
| 700 |
|
1 |
|a Терехина
|b А. Ю.
|g Алла Юзефовна
|4 070
|
| 801 |
|
0 |
|a RU
|b RuMRKP
|c 19950704
|g psbo
|
| 801 |
|
1 |
|a RU
|b 63413507
|c 20141205
|
| 801 |
|
2 |
|a RU
|b 63413507
|c 20171221
|g RCR
|
| 942 |
|
|
|c BK
|